000 00795cam a2200265 4500
001 J3498
008 090401t1996 xxu||||| |||| 00| 0 eng d
035 _a(Sirsi) u55407
041 _aeng
050 _a333.332
100 _aFrench, Nick
245 _aInvestment valuation developments from the Mallinson Report : survey of valuation methodology.
260 _aReading
_bUniversity of Reading
_c1996
300 _a13,5p. : 30cm.
350 _a0
520 _aQuestionnaire carried out on behalf of RICS.
650 _aCALCULATION OF WORTH
650 _aDISCOUNTED CASH FLOW
650 _aROYAL INSTITUTION OF CHARTERED SURVEYORS
650 _aVALUATION METHODS
690 _aRATING AND VALUATION
710 _aUniversity of Reading
_93273
942 _n0
948 _c04/03/1997
999 _c93603
_d93603